| 000 | 00392nam a22001697a 4500 | ||
|---|---|---|---|
| 003 | OSt | ||
| 005 | 20220211092119.0 | ||
| 008 | 220211b |||||||| |||| 00| 0 eng d | ||
| 020 | _a0335206379 | ||
| 040 | _cHU | ||
| 082 | _a373.41/BRO | ||
| 100 |
_aVAL BROOKS _930215 |
||
| 245 | _aASSESSMENT IN SECONDARY SCHOOLS | ||
| 260 |
_aUSA _bHALL _c2001 |
||
| 300 | _a197P | ||
| 942 |
_2ddc _cBOOKS _n0 |
||
| 999 |
_c29943 _d29943 |
||